Normal view
MARC view
- Ahmad Mustafa Hashmi
Entry Personal Name
001 - CONTROL NUMBER
- control field: 92114
003 - CONTROL NUMBER IDENTIFIER
- control field: NUST
005 - DATE AND TIME OF LATEST TRANSACTION
- control field: 20220701193738.0
008 - FIXED-LENGTH DATA ELEMENTS
- fixed length control field: 220701|| aca||aabn | a|a d
040 ## - CATALOGING SOURCE
- Original cataloging agency: NUST
- Transcribing agency: NUST
100 ## - HEADING--PERSONAL NAME
- Personal name: Ahmad Mustafa Hashmi
670 ## - SOURCE DATA FOUND
- Source citation: Work cat.: (NUST)10212: Ahmad Mustafa Hashmi, Design and implementation of six degrees of freedom robotic ARM and study of its forward and inverse kinmatics, 2010.
